| 000 | 00636nam a2200253Ia 4500 | ||
|---|---|---|---|
| 003 | OSt | ||
| 005 | 20220918164544.0 | ||
| 006 | a|||||r|||| 00| 0 | ||
| 007 | ta | ||
| 008 | 220917b |||||||| |||| 00| 0 eng d | ||
| 020 | _a0674910125 | ||
| 024 | _a147,949 | ||
| 037 | _cTextual | ||
| 040 |
_aARTS _cARTS _beng |
||
| 041 |
_2eng _aeng |
||
| 082 | _aR, N9 | ||
| 100 |
_aFish Stanely _919433 |
||
| 245 | 0 | _aTrouble with principle | |
| 260 |
_aCambridge _bHarvard University Press _c1999 |
||
| 300 |
_avi,328p. _ccm. |
||
| 650 | _aPHILOSOPHY | ||
| 942 |
_hR, N9 _cTEXL _2CC |
||
| 999 |
_c125283 _d125283 |
||